Statistiken für Squid Game Charaktere Quiz

Klicken Sie hier um das Quiz zu spielen!

Allgemein

  • Dieses Quiz wurde 17 mal gespielt
  • Das Durchschnittsergebnis liegt bei 2 aus 9

Antwortstatistiken

HinweisCharakter% Korrekt
Pakistaner, der nach Südkorea gezogen istAbdul Ali
75%
HauptfigurSeong Gi-hun
50%
Bruder der oben genanntenHwang In-ho/ Front Man
31%
Spieler 001Oh Il-nam
31%
Weibliche NordkoreanerinKang Sae-byeok
25%
Ein Gangster aus SeoulJang Deok-su
13%
Der vorherige Freund des oben GenanntenCho Sang-woo
6%
Gebeten zu gehen, weil ihr Kind noch nicht benannt worden warHan Mi-nyeo
6%
Polizist, der sich ins Spiel schleichtHwang Jun-ho
6%

Verteilung der Resultate

Perzentil nach korrekt beantworteten Fragen

Anzahl Personen mit jedem Resultat

Ihre Resultats-Entwicklung

Sie haben dieses Quiz noch nicht gespielt